| 000 | 00951nam a22002535a 4500 | ||
|---|---|---|---|
| 003 | OSt | ||
| 005 | 20161101104843.0 | ||
| 008 | 161101s2010 ua frb 000 0 ara d | ||
| 015 | _a2010/9468 | ||
| 020 | _a9789770464250 | ||
| 040 |
_aEG-ScBUE _bara _cEG-ScBUE |
||
| 043 | _af-ua--- | ||
| 082 | 0 | 4 |
_a346.62043 _bع ب د _222 |
| 100 | 1 | _aعبد الظاهر، أحمد شوقي. | |
| 245 | 1 | 2 |
_aالحماية الجنائية للممتلكات العقارية للدولة / _cأحمد شوقي عبد الظاهر. |
| 260 |
_aالقاهرة : _bدار النهضة العربية، _c2010. |
||
| 300 |
_a554 ص. ؛ _c24 سم. |
||
| 504 | _aيشتمل على إرجاعات ببليوجرافية. | ||
| 650 | 0 |
_aالعقارات _xقوانين وتشريعات _zمصر. _2BUEsh |
|
| 650 | 0 |
_aالملكية العامة _xقوانين وتشريعات _zمصر. _2BUEsh |
|
| 651 | _2BUEsh | ||
| 653 |
_bLLAAWW _cNovember2016 |
||
| 942 | _2ddc | ||
| 999 |
_c22956 _d22928 |
||